<?xml version="1.0" encoding="UTF-8"?><?xml-stylesheet type="text/xsl" href="static/style.xsl"?><OAI-PMH xmlns="http://www.openarchives.org/OAI/2.0/" xmlns:xsi="http://www.w3.org/2001/XMLSchema-instance" xsi:schemaLocation="http://www.openarchives.org/OAI/2.0/ http://www.openarchives.org/OAI/2.0/OAI-PMH.xsd"><responseDate>2026-06-02T10:59:05Z</responseDate><request verb="GetRecord" identifier="oai:riuma.uma.es:10630/44645" metadataPrefix="marc">https://riuma.uma.es/rest/oai/request</request><GetRecord><record><header><identifier>oai:riuma.uma.es:10630/44645</identifier><datestamp>2026-02-03T10:49:50Z</datestamp><setSpec>com_10630_2254</setSpec><setSpec>col_10630_37953</setSpec></header><metadata><record xmlns="http://www.loc.gov/MARC21/slim" xmlns:dcterms="http://purl.org/dc/terms/" xmlns:doc="http://www.lyncode.com/xoai" xmlns:xsi="http://www.w3.org/2001/XMLSchema-instance" xsi:schemaLocation="http://www.loc.gov/MARC21/slim http://www.loc.gov/standards/marcxml/schema/MARC21slim.xsd">
   <leader>00925njm 22002777a 4500</leader>
   <datafield ind2=" " ind1=" " tag="042">
      <subfield code="a">dc</subfield>
   </datafield>
   <datafield ind2=" " ind1=" " tag="720">
      <subfield code="a">Aguilar-Millán, Ana</subfield>
      <subfield code="e">author</subfield>
   </datafield>
   <datafield ind2=" " ind1=" " tag="720">
      <subfield code="a">García-Martín, Miguel Ángel</subfield>
      <subfield code="e">author</subfield>
   </datafield>
   <datafield ind2=" " ind1=" " tag="260">
      <subfield code="c">2025-06-30</subfield>
   </datafield>
   <datafield ind2=" " ind1=" " tag="520">
      <subfield code="a">Se realizó una revisión sistemática con el objetivo de investigar los efectos de los programas de intervención psicosocioeducativos dirigidos a cuidadores/as informales de personas dependientes en el bienestar personal y social. Se buscó en nueve bases de datos (Web of Science, Scopus, PubMed, EMBASE, Medline, Cochrane,
PsycInfo, Social Sevices Abstracts y Sociological Abstracts) y se revisaron en total 28 artículos. Si bien siete estudios muestran que algunas intervenciones afectan a determinadas variables de interés (bienestar personal y/o social) no se puede confirmar una relación clara entre estas intervenciones y la mejora en estas variables. En cuanto a la modalidad de intervención, los resultados permiten concluir que las intervenciones multicomponentes son sistemáticamente más eficaces que otras modalidades en los indicadores analizados de bienestar personal y reducción del malestar. Además, las intervenciones muestran una mayor eficacia en variables de bienestar personal que de bienestar social. Estos hallazgos resultan relevantes tanto para la práctica clínica como para futuras líneas de investigación.</subfield>
   </datafield>
   <datafield ind1="8" ind2=" " tag="024">
      <subfield code="a">Aguilar-Millán, A. &amp; García-Martín, M.A. (2025). Efectos de intervenciones psicosocioeducativas con cuidadores/as de personas dependientes sobre bienestar personal/social: Una revisión sistemática. Escritos de Psicología – Psychological Writings, 18(1), 48-62. https:// doi.org/10.24310/escpsi.18.1.2025.20841</subfield>
   </datafield>
   <datafield ind1="8" ind2=" " tag="024">
      <subfield code="a">1989-3809</subfield>
   </datafield>
   <datafield ind1="8" ind2=" " tag="024">
      <subfield code="a">https://hdl.handle.net/10630/44645</subfield>
   </datafield>
   <datafield ind1="8" ind2=" " tag="024">
      <subfield code="a">10.24310/escpsi.18.1.2025.20841</subfield>
   </datafield>
   <datafield tag="653" ind2=" " ind1=" ">
      <subfield code="a">Cuidadores - Psicología</subfield>
   </datafield>
   <datafield tag="653" ind2=" " ind1=" ">
      <subfield code="a">Calidad de vida</subfield>
   </datafield>
   <datafield tag="653" ind2=" " ind1=" ">
      <subfield code="a">Bienestar social</subfield>
   </datafield>
   <datafield ind2="0" ind1="0" tag="245">
      <subfield code="a">Efectos de intervenciones psicosocioeducativas con cuidadores/as de personas dependientes sobre bienestar personal/social: Una revisión sistemática.</subfield>
   </datafield>
</record>
</metadata></record></GetRecord></OAI-PMH>